书目信息 |
| 题名: |
现代通信工程数学1
|
|
| 作者: | 谢衷洁 编著 | |
| 分册: | ||
| 出版信息: | 北京 人民邮电出版社 1985 |
|
| 页数: | 429页 | |
| 开本: | 21cm | |
| 丛书名: | 通信工程丛书 | |
| 单 册: | ||
| 中图分类: | TN911.1 | |
| 科图分类: | ||
| 主题词: | 概率论 , 通信理论 | |
| 电子资源: | ||
| ISBN: | ||
| 000 | 00750nam0 2200277 45 971 | |
| 001 | 0630977710 | |
| 005 | 20060809083640.15 | |
| 010 | @b塑装@dCNY3.70 | |
| 091 | @a15045.总2990-无6317 | |
| 100 | @a19960321d1985 m y0chiy0121 ea | |
| 101 | 0 | @achi |
| 102 | @aCN@b110000 | |
| 105 | @ay z 000yy | |
| 106 | @ar | |
| 200 | 10 | @a现代通信工程数学1@e概率论@Axian dai tong xin gong cheng shu xue1@f谢衷洁编著 |
| 210 | @a北京@c人民邮电出版社@d1985 | |
| 215 | @a429页@d21cm | |
| 225 | 2 | @a通信工程丛书@f中国通信学会主编 |
| 410 | 0 | @1 20010@a通信工程丛书 |
| 517 | 1 | @a概率论 |
| 606 | @a概率论 | |
| 606 | 0 | @a通信理论 |
| 690 | @aTN911.1@v3 | |
| 701 | 0 | @a谢衷洁@4编著@Axie zhong jie |
| 801 | 0 | @c20060809 |
| 905 | @a10447@dTN911.1@e75 | |
| 现代通信工程数学1:概率论/谢衷洁编著 .-北京:人民邮电出版社,1985 |
| 429页;21cm .-(通信工程丛书/中国通信学会主编 ) |
| ISBN (塑装):CNY3.70 |
| ● |
| 相关链接 |
|
|
|
|
正题名:现代通信工程数学1
索取号:TN911.1/75
 
预约/预借
| 序号 | 登录号 | 条形码 | 馆藏地/架位号 | 状态 | 备注 |
| 1 | 0451818 | 204518183 | 密集书库/ [索取号:TN911.1/75] | 在馆 |